000 00808nam a2200253 i 4500
001 113859
003 ES-MaACL
005 20250819052226.0
007 t|
008 061121s1979 mx r ||||1| spa d
020 _a968-16-0288-9
245 0 0 _aTécnicas de investigación aplicadas a las ciencias sociales /
_cJorge Padua ... [et al.].
250 _a1ª ed.
260 _aMéxico :
_bFondo de Cultura Económica,
_c1979.
300 _a360 p. ;
_c23 cm.
490 1 _aSección de obras de sociología
504 _aBibliografía.
650 4 _aCiencias sociales-
_xInvestigación.
_910994
650 4 _aCiencias sociales-
_xMetodología
_910996
700 1 _aPadua, Jorge.
_988218
830 1 _aSección de obras de sociología
_9179836
852 4 _aES-MaACL
_jB-4734
999 _c113859
_d113859